000 01087nam a22002297a 4500
999 _c7145
_d7145
003 AR-CdUCM
008 190320b ||||| |||| 00| 0 spa d
040 _aMUNICIPALIDAD PROVINCIAL DEL CUSCO
_cBIBLIOTECA MUNICIPAL DEL CUSCO
041 _heng
082 _21ed. (tercera impresión)
_a620.136 /
_bF38
100 _aFerguson, Phil M.
_920145
245 _aTeoría elemental del concreto reforzado :
_bdestacando los métodos basados en la resistencia a la ruptura /
260 _aMéxico D. F. :
_bContinental,
_c1972.
300 _a786 páginas ;
_btablas, figuras,
_c22 cm.
505 _aContenido: Materiales y especificaciones -- Columnas con carga axial -- Análisis de las vigas por la teoría d la resistencia de ruptura -- Proyecto para flexión por la teoría de la resistencia a la ruptura -- Estudio de la flexión empleando los esfuerzos de trabajo ...
650 _aConcreto reforzado
_920146
650 _aProyectos de muros
_920147
650 _aVigas, losas, columnas
_920148
700 _aLepe, Jose Luis (traducción)
_920149
942 _2ddc
_cLIBROS
945 _aachl